| 000 | 00357nam a2200133 4500 | ||
|---|---|---|---|
| 999 |
_c508115 _d508115 |
||
| 008 | 190312b ||||| |||| 00| 0 eng d | ||
| 100 |
_aMisra, Ambujesh Kumar _93196 |
||
| 245 | _aParyaavaran pradooshan: niyantran evan upaay | ||
| 260 | _c2018 | ||
| 300 | _ap.274-282. | ||
| 773 | _aLok Prashasan | ||
| 906 | _aEnvironmental pollution | ||
| 942 |
_2ddc _cAR |
||